000 00699nam a2200217 i 4500
001 25813
003 ES-MaACL
005 20260115063024.0
007 t|
008 030103s1977 sp ||||1| spa d
100 1 _aAreilza, José María de,
_d1909-1998
_922575
245 1 0 _aDiario de un ministro de la Monarquía /
_cJosé María de Areilza.
250 _a[2ª ed.].
260 _aBarcelona :
_bPlaneta,
_c1977.
300 _a221 p. :
_bil. ;
_c25 cm.
490 1 _aEspejo de España. Serie Biografías y memorias ;
_v36
500 _aIndice.
830 0 _aEspejo de España. Biografías y memorias
_v36
_9180516
852 _aES-MaACL
_jA-8161
_bR.96884
999 _c25813
_d25813